Answers Contain "Cape" - Statistics

General Stats
  • This quiz has been taken 290 times
  • The average score is 8 of 19
Answer Stats
Clue Answer % Correct
City overlooking the Table Mountain Cape Town
93%
Hook-shaped peninsula in Massachusetts Cape Cod
82%
Not actually the southernmost point of Africa Cape of Good Hope
76%
Africa's easternmost country Cape Verde
70%
Cape in Florida that is home to a U.S. Space Force station Cape Canaveral
67%
One of Batman's nicknames Caped Crusader
64%
Tierra del Fuego's southernmost point Cape Horn
57%
North Carolinian headland for whicha Robert De Niro thriller was named Cape Fear
50%
Peninsula of northern Queensland Cape York
30%
Where Horatio Nelson was victorious Cape Trafalgar
29%
South African provinces with "cape" in their names Western Cape
28%
Major city next to Fort Myers, Florida Cape Coral
27%
South African provinces with "cape" in their names Eastern Cape
26%
South African provinces with "cape" in their names Northern Cape
22%
Nova Scotia's largest island Cape Breton
16%
Africa's actual southernmost point Cape Agulhas
11%
Fishing port that was the firstcapital of Ghana Cape Coast
9%
Easternmost point of Australia,located near a famous beach town Cape Byron
8%
Northernmost point of Africa Cape Angela
4%
No matching quizzes found
Score Distribution
Percent of People with Each Score
Percentile by Number Answered
Your Score History
You have not taken this quiz